Billie Eilish Quizz - Statistiques

Statistiques générales
  • Ce quiz a été pris 114 fois
  • Le résultat moyen est 8 sur 10
Statistiques - réponses
Hint Réponse % Correct
She have a brother, what's is name ? finneas
94%
The full name of Billie Eilish ? billie eilish pirate baired o'connel
93%
With who she sing the song Guess Charli xcx
93%
For what movie she write What Was I Made For barbie
89%
What's the most popular song of Billie ? bad guy
82%
What' her first song ever ? ocean eyes
82%
What's her first album ? when we all fall asleep where do we go
74%
Her second album? happier than ever
73%
The third album ? hit me hard and soft
73%
What's the name of her EP's don't smile at me
70%
Aucun quiz correspondant
Distribution des résultats
% des personnes avec chaque résultat
Percentile par nombre de réponses
Votre historique - résultats
Vous n’avez pas pris ce quiz